Kepimpinan guru pendidikan islam dalam menangani masalah displin pelajar /
محفوظ في:
| المؤلف الرئيسي: | |
|---|---|
| التنسيق: | أطروحة كتاب |
| اللغة: | English |
| منشور في: |
2009.
|
| الموضوعات: | |
| الوسوم: |
إضافة وسم
لا توجد وسوم, كن أول من يضع وسما على هذه التسجيلة!
|
| LEADER | 01062cam a2200301 i 4500 | ||
|---|---|---|---|
| 001 | u1122944 | ||
| 003 | SIRSI | ||
| 005 | 201909201010 | ||
| 008 | 190920s2009 my a m 000 0 eng | ||
| 040 | |a UMD |e rda | ||
| 090 | |a LB7 B8 |b UM 2009 Ros | ||
| 100 | 0 | |a Rosnita Muda. | |
| 245 | 1 | 0 | |a Kepimpinan guru pendidikan islam dalam menangani masalah displin pelajar / |c Rosnita Muda. |
| 264 | 1 | |c 2009. | |
| 264 | 4 | |c 2009. | |
| 300 | |a viii, 85 leaves : |b illusrtations, ; |c 30 cm. | ||
| 336 | |a text |2 rdacontent | ||
| 337 | |a unmediated |2 rdamedia | ||
| 338 | |a volume |2 rdacarriers | ||
| 502 | |b M.Ed.Islam. |c Jabatam Asas Dan Kemanusiaan, Fakulti Pendidikan, Universiti Malaya |d 2009. | ||
| 504 | |a Bibliography: leaves | ||
| 710 | 2 | |a Universiti Malaya. |b Fakulti Pendidikan. |e degree granting institution. | |
| 901 | |a 1 copy in (UMD). | ||
| 650 | 0 | |a Teachers |z Malaysia. | |
| 650 | 0 | |a Students |z Malaysia. | |
| 650 | |a Education |z Malaysia. | ||
| 596 | |a 8 | ||
| 999 | |a LB7 B8 UM 2009 ROS |w LC |c 1 |i A517312037 |f 18/10/2019 |g 1 |l STACKS |m P08PENDIDI |r Y |s Y |t TESIS |u 18/10/2019 |1 AHSS | ||
